banner koha

Riqueza e distribuição geográfica de espécies arbóreas da família Leguminosae e implicações para conservação no Centro de Diversidade Vegetal de Cabo Frio, Rio de Janeiro, Brasil (Registro n. 328503)

MARC details
000 -LÍDER
fixed length control field 03550nab a2200277 i 4500
003 - CÓDIGO MARC DA AGÊNCIA CATALOGADORA
Campo de controle BR-BrBNA
005 - DATA E HORA DA ÚLTIMA ATUALIZAÇÃO
Campo de controle 20241107161035.0
008 - CAMPO DE TAMANHO FIXO
fixed length control field 241107b2009 bl.qr|pooa||| 00| 0 por |
040 ## - FONTE DA CATALOGAÇÃO
Agência catalogadora BR-BrBNA
Idioma da catalogação por
072 ## - CATEGORIA AGRIS
Código AGRIS F70
072 ## - CATEGORIA AGRIS
Código AGRIS K10
100 ## - ENTRADA PRINCIPAL - NOME PESSOAL
Nome pessoal Ribeiro, Robson Daumas
100 ## - ENTRADA PRINCIPAL - NOME PESSOAL
Nome pessoal Lima, Haroldo Cavalcante de
245 ## - TÍTULO PRINCIPAL
Título principal Riqueza e distribuição geográfica de espécies arbóreas da família Leguminosae e implicações para conservação no Centro de Diversidade Vegetal de Cabo Frio, Rio de Janeiro, Brasil
500 ## - NOTA GERAL
Nota geral Publicação on-line; Bibliography p, 73 ref.; 5 tables; 3 illus.; Summaries (En, Pt)
942 ## - ADDED ENTRY ELEMENTS (KOHA)
Koha item type Analítica
520 ## - NOTA DE RESUMO
Nota de conteúdo <br/><br/>RESUMO<br/><br/>(Riqueza e distribuição geográfica de espécies arbóreas da família Leguminosae e implicações para conservação<br/>no Centro de Diversidade Vegetal de Cabo Frio, Rio de Janeiro, Brasil) Leguminosae apresenta cerca de 727<br/>gêneros e 19.325 espécies distribuídas pelo mundo, sendo uma das principais famílias na composição da flora<br/>arbórea de ambientes estacionais. A região de Cabo Frio é o principal núcleo de florestas secas do estado do<br/>Rio de Janeiro e por possuir elevada diversidade e endemismo é um dos seis centros de diversidade indicados<br/>para a Mata Atlântica. Com o objetivo de conhecer a diversidade de Leguminosae arbóreas no Centro de<br/>Diversidade Vegetal de Cabo Frio (CDVCF) e seus padrões de distribuição geográfica foram registrados 81<br/>táxons e reconhecido seis padrões de distribuição. Baseado nos endemismos e em análises de composição de<br/>algumas áreas do CDVCF, foi possível indicar os remanescentes de florestas sobre Tabuleiro nas proximidades<br/>da Praia da Gorda, Armação dos Búzios e dos morrotes mamelonares dos municípios de Araruama, Iguaba,<br/>Saquarema e São Pedro da Aldeia como prioritários para a conservação.<br/><br/>Palavras-chave: Fabaceae, Leguminosae, árvore, Mata Atlântica, diversidade e distribuição espacial.
520 ## - NOTA DE RESUMO
Nota de conteúdo <br/><br/>ABSTRACT<br/><br/>(Species richness and geographic distribution of Leguminosae trees and implications for conservation in the<br/>Cabo Frio Center of Plant Diversity, Rio de Janeiro, Brazil) Leguminosae, with about 727 genera and 19,325<br/>species distributed worldwide, is one of the main families in the composition of tree flora of dry environments.<br/>The Cabo Frio region holds the main core of dry forests in Rio de Janeiro state. Because of high diversity and<br/>endemism, it is one of six Centers of Plant Diversity indicated for the Atlantic Forest. In order to know the<br/>diversity of tree Leguminosae of the Cabo Frio Center of Plant Diversity (CDVCF) and their patterns of<br/>geographic distribution, 81 taxa were recorded and six distribution patterns were recognized. Based on<br/>endemics and composition analyses of several areas of the CDVCF, it was possible to indicate the forest<br/>remnants on Tabuleiro in the vicinity of Gorda Beach and on the low hills of Araruama, Iguaba, Saquarema<br/>and São Pedro da Aldeia as priorities for conservation.<br/><br/>Key words: Fabaceae, Leguminosae, trees, rain forest, diversity and spatial distribution
650 ## - ASSUNTO - THESAGRO
Cabeçalho tópico ou nome geográfico LEGUMINOSAE
650 ## - ASSUNTO - THESAGRO
Cabeçalho tópico ou nome geográfico ÁRVORE
650 ## - ASSUNTO - THESAGRO
Cabeçalho tópico ou nome geográfico MATA ATLÂNTICA
650 ## - ASSUNTO - THESAGRO
Cabeçalho tópico ou nome geográfico BIODIVERSIDADE
773 0# - ENTRADA ANALÍTICA
Host Biblionumber 709
Registro do item 346098
Imprenta Rio de Janeiro-RJ Jardim Botanico do Rio de Janeiro 1935
Outro identificador 2024-6745
Título Rodriguésia (Brazil)
ISSN 0370-6583; 2175-7860 on-line
Colação v. 60(1) p. 111-127; (2009)
Número de controle de registro BR2024003333
856 ## - ACESSO E ENDEREÇO ELETRÔNICO
Identificador uniforme de recurso - URI https://www.scielo.br/j/rod/a/VJy3rWShhkSYyrwh4FVyqYH/?format=pdf&lang=pt

Nenhum exemplar disponível.

BINAGRI

Telefone: (61)3218-2567/2388/3357/2097 - binagri@agro.gov.br

Ministério da Agricultura e Pecuária , Esplanada dos Ministérios, Bloco D, Anexo B, Brasília/DF, CEP: 70.043-900